书目信息 |
| 题名: |
英美契约法论
|
|
| 作者: | 杨桢 著 | |
| 分册: | ||
| 出版信息: | 北京 北京大学出版社 1997.05 |
|
| 页数: | 434页 | |
| 开本: | 32开 | |
| 丛书名: | ||
| 单 册: | ||
| 中图分类: | DF418.0 | |
| 科图分类: | ||
| 主题词: | 政治 | |
| 电子资源: | ||
| ISBN: | 7-301-03434-2 | |
| 000 | 00530nam0 2200193 45 | |
| 001 | 0011142054 | |
| 005 | 20001114204759.2 | |
| 010 | @a7-301-03434-2@d16.00元 | |
| 100 | @a20001114d1997 km y0chiy0120 ea | |
| 101 | 0 | @achi |
| 105 | @a z 000yy | |
| 200 | 1 | @a英美契约法论@AYing Mei Qi Yue Fa Lun@f杨桢著@FYang Zhen Zhu |
| 210 | @a北京@c北京大学出版社@d1997.05 | |
| 215 | @a434页@d32开 | |
| 606 | 0 | @a政治 |
| 690 | @aDF418.0@v3 | |
| 701 | 0 | @a杨桢@4著 |
| 801 | @aCN@bPftUser@c20001114 | |
| 905 | @a?b406418-420@dDF418.0@eY.233@f3 | |
| 英美契约法论/杨桢著.-北京:北京大学出版社,1997.05 |
| 434页;32开 |
| ISBN 7-301-03434-2:16.00元 |
| ● |
| 相关链接 |
|
|
|
正题名:英美契约法论
索取号:DF418.0/Y.233
 
预约/预借
| 序号 | 登录号 | 条形码 | 馆藏地/架位号 | 状态 | 备注 |
| 1 | 406418 | 204064181 | 社科库509/509社科库 70排4列4层/ [索取号:DF418.0/Y.233] | 在馆 | |
| 2 | 406419 | 204064190 | 社科库509/509社科库 70排4列4层/ [索取号:DF418.0/Y.233] | 在馆 | |
| 3 | 406420 | 204064207 | 社科库509/509社科库 70排4列4层/ [索取号:DF418.0/Y.233] | 在馆 |